000
00218nam a2200097Ia 4500
008
240331s9999 xx 000 0 und d
082
_b
PEA
100
_a
CHA. ed
245
0
_a
Peacebuilding directory Sri Lanka
942
_c
L
999
_c
5411
_d
5411